Centros urbanos de América Latina 1997, 2006: disparidades salariales según género y crecimiento económico = Urban centers in Latin America 1997, 2006: income inequalities related to gender differences and economic growth /
Uno de los rasgos de inequidad directa de género que mantienen muchos países, es el conjunto de disparidades salariales entre hombres y mujeres. El argumento central de este estudio es que las desigualdades salariales entre países tenderán a mejorar en aquellos que tienen economías más pequeñas, res...
Gespeichert in:
| 1. Verfasser: | |
|---|---|
| Format: | Text |
| Schlagworte: | |
| Tags: |
Tag hinzufügen
Keine Tags, Fügen Sie den ersten Tag hinzu!
|
MARC
| LEADER | 00000 a a2200000 04500 | ||
|---|---|---|---|
| 001 | 44243 | ||
| 003 | |||
| 040 | |||
| 100 | |a Reyes Ortiz, Giovanni E. | ||
| 245 | |a Centros urbanos de América Latina 1997, 2006: disparidades salariales según género y crecimiento económico = |b Urban centers in Latin America 1997, 2006: income inequalities related to gender differences and economic growth / |c Giovanni E. Reyes Ortiz | ||
| 500 | |a giovr@yahoo.com | ||
| 520 | |a Uno de los rasgos de inequidad directa de género que mantienen muchos países, es el conjunto de disparidades salariales entre hombres y mujeres. El argumento central de este estudio es que las desigualdades salariales entre países tenderán a mejorar en aquellos que tienen economías más pequeñas, respecto a los de economías de grandes mercados relativos. Se desarrolla en este artículo una comparación entre la inequidad salarial en países latinoamericanos en 1997 y 2006. | ||
| 590 | |a RRH/MARZO2013 | ||
| 650 | |a 1.DESIGUALDAD SOCIAL | ||
| 650 | |a 2.DESIGUALDAD ECONOMICA | ||
| 650 | |a 3.GENERO | ||
| 650 | |a 4.DISCRIMINACION | ||
| 650 | |a 5.SECTOR INFORMAL | ||
| 650 | |a 6.CRECIMIENTO ECONOMICO | ||
| 650 | |a 7.AMERICA LATINA | ||
| 773 | |g número131 ( , 2011), páginas 147-168 : tablas, gráficos | ||
| 999 | |c 33810 |d 33810 | ||
| 773 | 0 | |0 18728 |9 3016 |a Universidad de Costa Rica |d San José, Costa Rica Editorial UCR 1956- |o 15082 |t Revista de Ciencias Sociales/ |x 04825276 | |
